=LDR 00000nam 2200000 4500 =001 INLIS000000000014896 =005 20130612110158 =008 ***********************************Ind** =035 ##$$0010-061300000014896 =041 ##$$a Ind =082 ##$$a 398 =090 ##$$a 398, akb m =100 ##$$a Akbar, Hendry =245 ##$$a Matahari melintas di kepekaan rimba, Seri lingkugan hidup, Hendry Akbar; peyunting, Sjamsu Dradjat =260 ##$$a 1999 $b Jakarta =300 ##$$a ix, 162 hlm, Il, 20 c m =650 ##$$a Folklori =850 ##$$a NBPNMAT